000 00272nam a2200109Ia 4500
008 210430s9999 xx 000 0 und d
082 _a658 U844I
100 _aNA
245 _aInternation Programs in Resources Managment Education
_cNA
300 _a25
942 _cBK
_2ddc
999 _c565250
_d565250